Avatar & Legend of Korra Characters (4+ episodes) Quiz Stats

 Plays Quiz not verified by Sporcle

Score 0/125 Timer 20:00
0 Plays Today
Hint Character % Correct
(ATLA) AvatarAvatar Aang
100%
(ATLA) Air Nomads - AirbenderMonk Gyatso
95.8%
(ATLA) White Lotus, Fire Nation - FirebenderUncle Iroh
94.4%
(LOK) United Forces, Fire Nation - FirebenderGeneral Iroh
94.4%
(ATLA) Team Avatar - WaterbenderKatara
94.4%
(ATLA) Team Avatar - NonbenderSokka
94.4%
(ATLA) Team Avatar - Flying BisonAppa
93%
(ATLA) Fire Nation - FirebenderPrincess Azula
93%
(LOK) Air Nation, United Forces - New AirbenderBumi
93%
(ATLA) White Lotus, Omashu - EarthbenderKing Bumi
93%
(ATLA) Fire Nation - NonbenderLi
93%
(ATLA) Fire Nation - NonbenderLo
93%
(ATLA) Fire Nation - NonbenderMai
93%
(ATLA) Team Avatar - NonbenderSuki
93%
(LOK) Zaofu, Republic City - MetalbenderSuyin Beifong
93%
(ATLA) Team Avatar - MetalbenderToph Beifong
93%
(ATLA) Ba Sing Se, Freedom Fighters - NonbenderJet
91.5%
(ATLA) Dai Li - EarthbenderLong Feng
91.5%
(LOK) AvatarAvatar Korra
90.1%
(LOK) New Team Avatar - FirebenderMako
90.1%
(ATLA) Team Avatar - Winged LemurMomo
90.1%
(ATLA) White Lotus, Southern Water Tribe, Northern Water Tribe - WaterbenderMaster Pakku
90.1%
(ATLA) Past AvatarAvatar Roku
90.1%
(ATLA) Fire Nation - NonbenderTy Lee
90.1%
(ATLA) Team Avatar - FirebenderPrince Zuko
90.1%
(LOK) New Team Avatar - LavabenderBolin
88.7%
(ATLA) Past AvatarAvatar Kyoshi
88.7%
(LOK) Air Nation, Air Temple Island - AirbenderMaster Tenzin
88.7%
(ATLA) Earth Rumble VI - EarthbenderThe Boulder
87.3%
(ATLA) White Lotus, Fire Nation - FirebenderMaster Jeong Jeong
87.3%
(ATLA) Ba Sing Se - NonbenderEarth King Kuei
87.3%
(ATLA) Past AvatarAvatar Kuruk
87.3%
(ATLA) Gaoling - EarthbenderMaster Yu
87.3%
(ATLA) Southern Water Tribe - NonbenderChief Hakoda
85.9%
(LOK) Air Nation, Air Temple Island - AirbenderJinora
85.9%
(LOK) Southern Water Tribe - WaterbenderKya
85.9%
(ATLA) Ba Sing Se, Freedom Fighters - NonbenderLongshot
85.9%
(ATLA) Fire Nation - FirebenderFire Lord Ozai
85.9%
(ATLA) Ba Sing Se, Freedom Fighters - NonbenderSmellerbee
85.9%
(ATLA) Northern Water Tribe - Moon SpiritPrincess Yue
85.9%
(ATLA) White Lotus, Fire Nation - NonbenderMaster Piandao
84.5%
(LOK) Equalists, Northern Water Tribe - BloodbenderAmon
83.1%
Hint Character % Correct
(LOK) New Team Avatar - NonbenderAsami Sato
83.1%
(ATLA) Ba Sing Se - BearBosco
83.1%
(ATLA) Freedom Fighters - NonbenderThe Duke
83.1%
(LOK) Air Nation, Air Temple Island - AirbenderIkki
81.7%
(LOK) Air Nation, Air Temple Island - AirbenderMeelo
81.7%
(LOK) New Team Avatar - Polar Bear DogNaga
81.7%
(LOK) Red Lotus - Combustion BenderP'Li
81.7%
(ATLA) Past AvatarAvatar Yangchen
81.7%
(ATLA) Fire Nation - Combustion BenderCombustion Man
80.3%
(ATLA) Freedom Fighters - NonbenderPipsqueak
80.3%
(LOK) Republic City, Northern Water Tribe - BloodbenderTarrlok
80.3%
(LOK) Past AvatarAvatar Wan
80.3%
(LOK) Red Lotus - New AirbenderZaheer
80.3%
(LOK) Republic City Police - MetalbenderChief Lin Beifong
78.9%
(LOK) Northern Water Tribe, Red Lotus - WaterbenderUnalaq
78.9%
(LOK) Equalists, Republic City - NonbenderHiroshi Sato
77.5%
(LOK) Republic City, Earth Empire, Zaofu, Southern Water Tribe - NonbenderIknik Blackstone Varrick
77.5%
(LOK) Air Nation, Air Temple Island - Flying BisonOogi
77.5%
(LOK) New Team Avatar - Fire FerretPabu
77.5%
(LOK) Spirit of Darkness and ChaosVaatu
77.5%
(ATLA) Fire Nation - FirebenderAdmiral Zhao
77.5%
(LOK) Air Nation, Zaofu - New AirbenderOpal
76.1%
(LOK) Air Nation, Air Temple Island, Air Acolytes - NonbenderPema
76.1%
(ATLA) Northern Air Temple - NonbenderTeo
76.1%
(LOK) Northern Water Tribe - WaterbenderDesna
74.6%
(LOK) Spirit of Light and PeaceRaava
74.6%
(LOK) Northern Water Tribe - WaterbenderEska
73.2%
(LOK) Red Lotus - LavabenderGhazan
73.2%
(ATLA) Foggy Swamp Tribe - WaterbenderHuu
73.2%
(LOK) Southern Water Tribe, Northern Water Tribe - WaterbenderChief Tonraq
73.2%
(LOK) Zaofu - NonbenderBaatar
71.8%
(ATLA) Earth Kingdom - EarthbenderHaru
71.8%
(LOK) Air Nation, Earth Kingdom - New AirbenderKai
71.8%
(ATLA) Northern Air Temple - NonbenderThe Mechanist
71.8%
(LOK) White Falls Wolfbats - EarthbenderMing
71.8%
(LOK) Zaofu - MetalbenderWei
71.8%
(ATLA) Southern Water Tribe - NonbenderBato
70.4%
(LOK) Earth Empire, Zaofu - MetalbenderKuvira
70.4%
(LOK) Northern Water Tribe, Republic City - BloodbenderYakone
70.4%
(LOK) Republic City, Earth Empire, Zaofu, Southern Water Tribe - NonbenderZhu Li Moon
70.4%
(LOK) Red Lotus - WaterbenderMing-Hua
66.2%
(LOK) Air Nation, Air Temple Island - UnknownRohan
66.2%
Hint Character % Correct
(LOK) Ba Sing Se - NonbenderEarth Queen Hou-Ting
64.8%
(LOK) Zaofu - MetalbenderWing
64.8%
(LOK) Dragonfly Bunny SpiritBum-Ju
63.4%
(LOK) Air Nation, Southern Air Temple - Winged LemurPoki
63.4%
(LOK) Republic City, Ba Sing Se - EarthbenderTu
63.4%
(LOK) Southern Water Tribe - WaterbenderSenna
62%
(ATLA) Earth Rumble VI - EarthbenderXin Fu
62%
(LOK) Equalists - NonbenderLieutenant
60.6%
(LOK) Republic City - NonbenderPresident Raiko
60.6%
(LOK) Earth Kingdom - NonbenderPrince Wu
60.6%
(ATLA) Earth Rumble VI - EarthbenderThe Big Bad Hippo
60.3%
(LOK) Zaofu - MetalbenderHuan
59.2%
(LOK) Red Lotus, Zaofu - TruthseerAiwei
57.7%
(ATLA) Eastern Air Temple - NonbenderGuru Pathik
53.5%
(LOK) White Falls Wolfbats - WaterbenderTahno
53.5%
(ATLA) Earth Kingdom - EarthbenderTyro
50.7%
(ATLA) Foggy Swamp Tribe - WaterbenderDue
46.5%
(LOK) Republic City Police - NonbenderLu
46.5%
(ATLA) Earth Kingdom - NonbenderCabbage Merchant
45.1%
(LOK) Fire Nation - DragonDruk
45.1%
(LOK) Republic City Police - MetalbenderChief Saikhan
43.7%
(LOK) Republic City - NonbenderShiro Shinobi
43.7%
(LOK) Republic City, Ba Sing Se - NonbenderYin
43.7%
(ATLA) Foggy Swamp Tribe - WaterbenderTho
42.3%
(LOK) Air Nation, Earth Kingdom - New AirbenderRyu
40.8%
(LOK) Air Nation - Flying BisonLefty
39.4%
(LOK) Earth Empire, Zaofu - NonbenderBaatar Jr.
38%
(LOK) Air Nation - Flying BisonPepper
38%
(LOK) Republic City - NonbenderButtercup Raiko
36.6%
(LOK) Air Nation, Republic City - New AirbenderDaw
36.6%
(LOK) Republic City Police - MetalbenderSong
32.4%
(LOK) Republic City - NonbenderGommu
31%
(LOK) Unknown - NonbenderGinger
28.2%
(ATLA) Ba Sing Se, Earth Kingdom - NonbenderYing
28.2%
(LOK) Republic City, Ba Sing Se - NonbenderChow
26.8%
(LOK) Ba Sing Se - NonbenderGrand Secretariat Gun
25.4%
(ATLA) Fire Nation - FirebenderLieutenant Jee
23.9%
(LOK) Air Nation, Ba Sing Se - New AirbenderYung
23.9%
(LOK) Republic City Police - NonbenderGang
22.5%
(ATLA) Ba Sing Se, Earth Kingdom - NonbenderThan
22.5%
(LOK) White Falls Wolfbats - FirebenderShaozu
15.5%
Remove Ads.
Support Sporcle.
Get the best of Sporcle when you Go Orange. This ad-free experience offers more features, more stats, and more fun while also helping to support Sporcle. Thank you for becoming a member.

You're not logged in!

Compare scores with friends on all Sporcle quizzes.
OR
Log In

Sporcle TV

Today on Sporcle TV


Watch our educational content, quiz creation guides, and fun videos on Sporcle TV.

Show Comments

Extras

Top Quizzes Today


Score Distribution

Paid Content

Your Account Isn't Verified!

In order to create a playlist on Sporcle, you need to verify the email address you used during registration. Go to your Sporcle Settings to finish the process.

Report this User

Report this user for behavior that violates our Community Guidelines.

Details: